000 00511nam a2200169 a 4500
001 000032589
005 20200930065725.0
008 110719s1972 dr 000 0 spa d
040 _aDO-SdBNP
_bspa
_cBNPHU
082 _axxxx
_bN624a
100 1 _aNicholson, Nicky
_958512
245 1 0 _aArpegios interiores /
_cNicky Nicholson ; prólogo Antonio Da Costa Gómez.
260 _aSanto Domingo :
_bs.n.,
_c1972.
300 _a50 p. ;
_c21 cm.
700 1 2 _aCosta Gómez, Antonio Da,
_epról.
_935330
049 _aBNPD
999 _c32080
_d32080